EÚ-monitoring I [prístupový proces Slovenska a problém nezamestnanosti]

Enregistré dans:
Détails bibliographiques
Autres auteurs: Marcinčin, Anton, Lubyová, Martina
Format: Livre
Langue:slovaque
Publié: [Bratislava] Slovenská spoločnosť pre zahraničnú politiku 2002
Collection:Monitoring integrácie Slovenskej republiky do Európskej únie 2002
Sujets:
Tags: Ajouter un tag
Pas de tags, Soyez le premier à ajouter un tag!

MARC

LEADER 00000nam$a2200000$$$4500
001 0001790
005 20240314091128.2
020 |a 80-968372-9-X 
041 0 |a slo 
044 |a SK 
245 1 0 |a EÚ-monitoring I  |b [prístupový proces Slovenska a problém nezamestnanosti]  |c zost. Anton Marcinčin, Martina Lubyová 
264 1 |a [Bratislava]  |b Slovenská spoločnosť pre zahraničnú politiku  |c 2002 
300 |a 156 s. 
490 1 |a Monitoring integrácie Slovenskej republiky do Európskej únie 2002 
830 0 |a Monitoring integrácie Slovenskej republiky do Európskej únie 2002 
610 2 0 |a integrácia ekonomická medzinárodná 
610 2 0 |a Európska únia 
610 2 0 |a Európsky ekonomický priestor 
610 2 0 |a vzťahy hospodárske medzinárodné 
610 2 0 |a financie medzinárodné 
610 2 0 |a nezamestnaní 
610 2 0 |a trh práce 
610 2 0 |a politika hospodárska medzinárodná 
610 2 0 |a politika hospodárska 
610 2 0 |a Slovensko 
700 1 |a Marcinčin, Anton 
700 1 |a Lubyová, Martina